Quantum mechanics /

Bibliographic Details
Main Author: Blokhintsev, D. I.
Format: Book
Language:English
Russian
Published: Dordrecht, Holland : D. Reidel Pub. Co., [1964]
Subjects:

MARC

Tag First Indicator Second Indicator Subfields
LEADER 00000cam a2200000 4500
001 in00000045225
005 20151007071141.0
008 750429s1964 ne a 00000 eng u
010 |a  65028650  
035 |a (OCoLC)01304524 
035 |9 AAE5411AM 
040 |c GAT  |d TXA  |d UtOrBLW 
041 1 |a eng  |a rus 
049 |a TXAM  |c [405769] 
050 0 0 |a QC174.1  |b .B583 1964 
092 |a 530.12  |b B652q, 1964 
100 1 |a Blokhintsev, D. I. 
245 1 0 |a Quantum mechanics /  |c [Tr. from the 3d and 4th Russian editions by J. B. Sykes and M. J. Kearsley]. 
264 1 |a Dordrecht, Holland :  |b D. Reidel Pub. Co.,  |c [1964] 
300 |a 535 pages :  |b illustrations 
336 |a text  |b txt  |2 rdacontent 
337 |a unmediated  |b n  |2 rdamedia 
338 |a volume  |b nc  |2 rdacarrier 
650 0 |a Quantum theory. 
999 |a MARS 
999 f f |s 5ed6b82e-7d94-3453-8cd0-40850867ece2  |i 70d1d450-213b-335a-ad4e-dbfa48eff62d  |t 0 
952 f f |p normal  |a Texas A&M University  |b College Station  |c Sterling C. Evans Library  |d Evans: Library Stacks  |t 0  |e QC174.1 .B583 1964  |h Library of Congress classification  |i unmediated -- volume  |m A14800909748 
998 f f |a QC174.1 .B583 1964  |t 0  |l Evans: Library Stacks